Football's greatest coaches.

Bibliographic Details
Main Author: Pope, Edwin
Format: Book
Language:English
Published: Atlanta : Tupper and Love, [1955]
Subjects:

MARC

Tag First Indicator Second Indicator Subfields
LEADER 00000cam a2200000 4500
001 in00000027325
005 20151007061314.0
008 750403s1955 gaua 000 0 eng u
010 |a  55013655  
035 |a (OCoLC)01251068 
035 |9 AAD1734AM 
040 |c ORL  |d TXA  |d UtOrBLW 
049 |a TXAM  |c [258241] 
050 0 0 |a GV939.Al  |b P65 
082 0 |a 796.33 
092 |a 796.33  |b P825f 
100 1 |a Pope, Edwin. 
245 1 0 |a Football's greatest coaches. 
264 1 |a Atlanta :  |b Tupper and Love,  |c [1955] 
300 |a 334 pages :  |b illustrations ;  |c 21 cm. 
336 |a text  |b txt  |2 rdacontent 
337 |a unmediated  |b n  |2 rdamedia 
338 |a volume  |b nc  |2 rdacarrier 
650 0 |a Football  |x Biography. 
999 |a MARS 
999 f f |s 3758a781-eb02-396b-8bd7-a6a52b21cc68  |i 799c3e8e-8dc9-3b80-b33e-ccf664e5dc79  |t 0 
952 f f |p noncirc  |a Texas A&M University  |b College Station  |c Cushing Memorial Library & Archives  |d Cushing: Rare Books (Does not check out)  |t 0  |e GV939.A1 P65 1955  |h Library of Congress classification  |i unmediated -- volume 
952 f f |p ric  |a Texas A&M University  |b Rellis Campus  |c Joint Library Facility  |d Remote Storage  |t 0  |e GV939.Al P65  |h Library of Congress classification  |i unmediated -- volume  |m A14801184553 
998 f f |a GV939.A1 P65 1955  |t 0  |l Cushing: Rare Books (Does not check out) 
998 f f |a GV939.Al P65  |t 0  |l Remote Storage